LaLiga EA Sports 2024/25 - Estadísticas

Estadísticas generales
  • Esta prueba ha sido intentada 331 veces
    102 desde el último reinicio
  • La puntuación promedio es 50 de 80
Estadísticas de respuestas
Pista Respuesta % Correcto
Ciudad Barcelona
97%
Ciudad Barcelona
97%
Equipo FC Barcelona
97%
Ciudad Madrid
96%
Ciudad Madrid
96%
Ciudad Madrid
96%
Equipo Real Madrid CF
96%
Equipo Atlético de Madrid
90%
Entrenador Hansi Flick
88%
Ciudad Bilbao
85%
Ciudad Sevilla
85%
Ciudad Sevilla
85%
Equipo Sevilla FC
85%
Equipo RCD Espanyol
82%
Entrenador Diego Pablo Simeone
81%
Ciudad Getafe
81%
Equipo Getafe CF
81%
Equipo Real Betis
81%
Equipo Athletic Club
79%
Estadio Estadio Cívitas Metropolitano
79%
Ciudad Valencia
79%
Equipo Valencia CF
79%
Equipo Deportivo Alavés
78%
Estadio Estadio Santiago Bernabéu
78%
Equipo Real Sociedad
78%
Ciudad Villarreal
77%
Entrenador Carlo Ancelotti
75%
Equipo Rayo Vallecano
75%
Equipo UD Las Palmas
75%
Estadio Estadio de San Mamés
74%
Equipo CD Leganés
73%
Estadio Estadio Olímpico de Montjuic
73%
Ciudad Leganés
73%
Entrenador Ernesto Valverde
71%
Equipo Real Valladolid CF
71%
Ciudad Valladolid
71%
Estadio Estadio de Mestalla
70%
Ciudad Girona
70%
Equipo Girona FC
70%
Equipo RC Celta de Vigo
68%
Estadio Estadi de la Cerámica
67%
Equipo RCD Mallorca
67%
Equipo Villarreal CF
67%
Estadio Estadio Ramón Sánchez-Pizjuán
64%
Entrenador Mauricio Pellegrini
64%
Entrenador José Bordalás
63%
Ciudad Vigo
63%
Equipo CA Osasuna
62%
Estadio Estadio Benito Villamarín
62%
Estadio Estadio Coliseum
56%
Estadio Reale Arena (Anoeta)
56%
Ciudad San Sebastián
56%
Estadio Estadio de Montilivi
53%
Entrenador Imanol Alguacil
53%
Estadio Estadio de Balaídos
49%
Estadio Estadio Municipal de Butarque
49%
Ciudad Pamplona
49%
Estadio RCDE Stadium
49%
Entrenador Míchel
47%
Estadio Estadio de Mendizorroza
44%
Estadio Estadio José Zorrilla
44%
Ciudad Vitoria-Gasteiz
44%
Estadio Estadio de El Sadar
40%
Estadio Campo de fútbol de Son Moix
38%
Entrenador Iñigo Pérez
38%
Entrenador Claudio Giráldez
37%
Entrenador Xavi García Pimienta
37%
Entrenador Marcelino García Toral
36%
Entrenador Carlos Corberán
34%
Estadio Estadio de Vallecas
34%
Entrenador Eduardo Coudet
33%
Ciudad Palma de Mallorca
33%
Entrenador Jagoba Arrasate
30%
Entrenador Manolo González
29%
Ciudad Las Palmas de Gran Canaria
25%
Entrenador Vicente Moreno
25%
Entrenador Diego Martínez
19%
Estadio Estadio de Gran Canaria
18%
Entrenador Borja Jiménez
15%
Entrenador Álvaro Rubio
7%
No se encontraron pruebas coincidentes
Distribución de puntuación
Porcentaje de gente con cada puntuación
Porcentaje por número respondido
Historial de tus puntuaciones
No has intentado esta prueba desde el último reinicio